Online
Catalog

Amaya / (Record no. 56715)

MARC details
000 -CABECERA
campo de control de longitud fija 01287nam a2200277 i 4500
003 - IDENTIFICADOR DEL NÚMERO DE CONTROL
campo de control DO-SdBNP
005 - FECHA Y HORA DE LA ÚLTIMA TRANSACCIÓN
campo de control 20250702141445.0
007 - CAMPO FIJO DE DESCRIPCIÓN FÍSICA--INFORMACIÓN GENERAL
campo de control de longitud fija ta
008 - DATOS DE LONGITUD FIJA--INFORMACIÓN GENERAL
campo de control de longitud fija 240521s1991 dr aco 000 0 spa d
040 ## - FUENTE DE LA CATALOGACIÓN
Centro catalogador/agencia de origen DO-SdBNP
Lengua de catalogación spa
Centro/agencia transcriptor BNPHU
Normas de descripción rda
082 ## - NÚMERO DE LA CLASIFICACIÓN DECIMAL DEWEY
Número de clasificación xxx
Número de documento/Ítem T649
Número de edición 22
100 ## - ENTRADA PRINCIPAL--NOMBRE DE PERSONA
Nombre de persona Tolentino, Marianne de,
Fechas asociadas al nombre 1951-
9 (RLIN) 73333
Término indicativo de función/relación autor
Código de función/relación aut.
245 10 - MENCIÓN DE TÍTULO
Título Amaya /
Mención de responsabilidad, etc. Marianne de Tolentino : fotografías Ricardo Thorman : presentación Danilo de los Santos
264 #1 - PRODUCCIÓN, PUBLICACIÓN, DISTRIBUCIÓN, FABRICACIÓN Y COPYRIGHT
Producción, publicación, distribución, fabricación y copyright Santo Domingo :
Nombre del de productor, editor, distribuidor, fabricante Amigo del Hogar,
Fecha de producción, publicación, distribución, fabricación o copyright 1991.
300 ## - DESCRIPCIÓN FÍSICA
Extensión 109 páginas
Otras características físicas ilustraciones, retratos, fotografías
Dimensiones 32 cm.
336 ## - TIPO DE CONTENIDO
Fuente rdacontent
Término de tipo de contenido texto
Código de tipo de contenido txt
337 ## - TIPO DE MEDIO
Fuente rdamedia
Nombre/término del tipo de medio sin mediación
Código del tipo de medio n
338 ## - TIPO DE SOPORTE
Fuente rdacarrier
Nombre/término del tipo de soporte volumen
Código del tipo de soporte nc
504 ## - NOTA DE BIBLIOGRAFÍA, ETC.
Nota de bibliografía, etc. Bibliografía p: 110.
505 0# - NOTA DE CONTENIDO CON FORMATO
Título Presentación --
-- Introducción --
-- Una evolución sin rupturas --
-- El tratamiento de la figura humana --
-- Bodegones diferentes, flores radiantes --
-- Una luminosidad muy especial --
-- Actitudes, atmósfera y espiritualidad --
-- La creciente pasión por esculpir... --
-- a modo de conclusión --
-- Datos biográficos --
-- Bibliografía fundamental /
590 ## - NOTA LOCAL (RLIN)
Nota local Inventariado, 2024/ YL
700 ## - PUNTO DE ACCESO ADICIONAL--NOMBRE DE PERSONA
Nombre de persona Thorman , Ricardo
9 (RLIN) 59363
Término indicativo de función/relación fotografías
700 ## - PUNTO DE ACCESO ADICIONAL--NOMBRE DE PERSONA
Nombre de persona Santos, Danilo de los
Término indicativo de función/relación presentación
9 (RLIN) 85530
910 ## - DATOS DE OPCIÓN DEL USUARIO (OCLC)
Datos de opción del usuario YLockward
942 ## - ELEMENTOS DE PUNTO DE ACCESO ADICIONAL (KOHA)
Fuente del sistema de clasificación o colocación Dewey Decimal Classification
Tipo de ítem Koha Libro
Holdings
Estado de retiro Estado de pérdida Fuente del sistema de clasificación o colocación Restricciones de uso No para préstamo Código de colección Localización permanente Ubicación/localización actual Ubicación en estantería Fecha de adquisición Fuente de adquisición Total de préstamos Signatura topográfica completa Código de barras Fecha visto por última vez Precio válido a partir de Tipo de ítem Koha Información codificada de la localización en otra ubicación Número de copia
    Dewey Decimal Classification Excluido de préstamo   Patrimonio Dominicano Biblioteca Nacional Pedro Henríquez Ureña Biblioteca Nacional Pedro Henríquez Ureña En catalogación 02.07.2018 Donado por CERTV   BNPHU PD T649 2024-3092 21.05.2024 21.05.2024 Libro    
    Dewey Decimal Classification Excluido de préstamo   Patrimonio Dominicano Biblioteca Nacional Pedro Henríquez Ureña Biblioteca Nacional Pedro Henríquez Ureña En catalogación 19.08.2019 Donado por CERTV   BNPHU PD T649 2025-6150 02.07.2025 02.07.2025 Libro Compra e. 2
    Dewey Decimal Classification Préstamo en sala   Dominicana de Servicio Biblioteca Nacional Pedro Henríquez Ureña Biblioteca Nacional Pedro Henríquez Ureña En catalogación 02.07.2018 Donado por CERTV   BNPHU DS T649 2025-6151 02.07.2025 21.05.2024 Libro   e. 3
    Dewey Decimal Classification Préstamo en sala   Dominicana de Servicio Biblioteca Nacional Pedro Henríquez Ureña Biblioteca Nacional Pedro Henríquez Ureña En catalogación 02.07.2018 Donado por CERTV   BNPHU DS T649 2025-6152 02.07.2025 21.05.2024 Libro   e. 4
    Dewey Decimal Classification Préstamo en sala   Dominicana de Servicio Biblioteca Nacional Pedro Henríquez Ureña Biblioteca Nacional Pedro Henríquez Ureña En catalogación 02.07.2018 Donado por CERTV   BNPHU DS T649 2025-6153 02.07.2025 21.05.2024 Libro   e. 5

Powered by Koha